A look at the accounting department and how it helps top management in strategy formulation and strategic decision making. (Record no. 86435)

MARC details
000 -LEADER
fixed length control field 00752nam a2200217 4500
003 - CONTROL NUMBER IDENTIFIER
control field CBULib
005 - DATE AND TIME OF LATEST TRANSACTION
control field 20250825134511.0
008 - FIXED-LENGTH DATA ELEMENTS--GENERAL INFORMATION
fixed length control field 250825b |||||||| |||| 00| 0 eng d
040 ## - CATALOGING SOURCE
Original cataloging agency CBULib
Language of cataloging English
Transcribing agency CBULib
Description conventions rda
041 ## - LANGUAGE CODE
Language code of text/sound track or separate title eng
050 ## - LIBRARY OF CONGRESS CALL NUMBER
Classification number CBU-SB/STU/MUK
245 ## - TITLE STATEMENT
Title A look at the accounting department and how it helps top management in strategy formulation and strategic decision making.
Statement of responsibility, etc / by The Copperbelt University-School of Business(CBU-SB)
260 ## - PUBLICATION, DISTRIBUTION, ETC. (IMPRINT)
Place of publication, distribution, etc Kitwe :
Name of publisher, distributor, etc Copperbelt University,
300 ## - PHYSICAL DESCRIPTION
Extent 12 pages
336 ## - CONTENT TYPE
Source rdacontent
Content type term Text |
Content type code txt
337 ## - MEDIA TYPE
Source rdamedia
Media type term Unmediated |
Media type code n
338 ## - CARRIER TYPE
Source rdacarrier
Carrier type term Volume
Carrier type code nc
650 #0 - SUBJECT ADDED ENTRY--TOPICAL TERM
9 (RLIN) 4765
Topical term or geographic name as entry element STRATEGIC MANAGEMENT
700 ## - ADDED ENTRY--PERSONAL NAME
9 (RLIN) 4795
Personal name Mukela, Muyunda
942 ## - ADDED ENTRY ELEMENTS (KOHA)
Source of classification or shelving scheme
Koha item type UNIVERSITY COLLECTION

No items available.